Sathya Sai speaks : (Record no. 57063)
[ view plain ]
| 000 -LEADER | |
|---|---|
| fixed length control field | 01134nam a22002777a 4500 |
| 005 - DATE AND TIME OF LATEST TRANSACTION | |
| control field | 20110927151547.0 |
| 008 - FIXED-LENGTH DATA ELEMENTS--GENERAL INFORMATION | |
| fixed length control field | 110927t xxu||||| |||| 00| 0 eng d |
| 010 ## - LCCN (DPL NO) | |
| LC control number | ENG-103855-856 |
| 020 ## - INTERNATIONAL STANDARD BOOK NUMBER | |
| Terms of availability | 30.00 |
| International Standard Book Number | 9788172087753 (Pt.1) |
| 020 ## - INTERNATIONAL STANDARD BOOK NUMBER | |
| Terms of availability | 45.00 |
| International Standard Book Number | 9788172087760 (Pt.2) |
| 035 ## - SYSTEM CONTROL NUMBER | |
| System control number | EN-87388-389 |
| 037 ## - SOURCE OF ACQUISITION | |
| Source of stock number/acquisition | DBAD/PUB |
| 040 ## - CATALOGING SOURCE | |
| Original cataloging agency | DPL |
| Language of cataloging | Eng |
| 082 ## - DEWEY DECIMAL CLASSIFICATION NUMBER | |
| Classification number | 230.35 |
| 100 ## - MAIN ENTRY--PERSONAL NAME | |
| 9 (RLIN) | 34818 |
| 245 ## - TITLE STATEMENT | |
| Title | Sathya Sai speaks : |
| Statement of responsibility, etc | discourses of Bhagawan Sri Sathya Sai Baba delivered during 1973 |
| 260 ## - PUBLICATION, DISTRIBUTION, ETC. (IMPRINT) | |
| Place of publication, distribution, etc | Prasanthi Nilayam |
| Name of publisher, distributor, etc | Sri Sathya Sai Sadhana Trust |
| Date of publication, distribution, etc | 2010 |
| 270 ## - ADDRESS | |
| Address | Prasanthi Nilayam |
| City | A.P. |
| Postal code | 515134 |
| Telephone number | 08555-287375 |
| Fax number | 287236 |
| Electronic mail address | enquiry@sssbpt.org |
| 300 ## - PHYSICAL DESCRIPTION | |
| Extent | V.12,2Pt.(139p.;216p.) |
| Dimensions | 22cm (pbk) |
| 650 ## - SUBJECT ADDED ENTRY--TOPICAL TERM | |
| 9 (RLIN) | 34827 |
| 651 ## - SUBJECT ADDED ENTRY--GEOGRAPHIC NAME | |
| 9 (RLIN) | 34820 |
| 700 ## - ADDED ENTRY--PERSONAL NAME | |
| 9 (RLIN) | 34830 |
| 942 ## - ADDED ENTRY ELEMENTS (KOHA) | |
| Source of classification or shelving scheme | Dewey Decimal Classification |
| Item type | English Books |
| Call number suffix | SAT |
| Classification part | 230.35 |
| Withdrawn status | Lost status | Source of classification or shelving scheme | Materials specified (bound volume or other part) | Damaged status | Not for loan | Collection code | Home library | Current library | Date acquired | Source of acquisition | Cost, normal purchase price | Total Checkouts | Full call number | Barcode | Date last seen | Copy number | Cost, replacement price | Koha item type |
|---|---|---|---|---|---|---|---|---|---|---|---|---|---|---|---|---|---|---|
| Dewey Decimal Classification | v.1 | Not For Loan | Non-fiction | D.B.Act.Division | D.B.Act.Division | 27/09/2011 | DBAD/PUB | 30.00 | 230.35 SAT | EN-87388 | 27/09/2011 | 1 | 30.00 | English Books | ||||
| Dewey Decimal Classification | v.2 | Not For Loan | Non-fiction | D.B.Act.Division | D.B.Act.Division | 27/09/2011 | DBAD/PUB | 45.00 | 230.35 SAT | EN-87389 | 27/09/2011 | 1 | 45.00 | English Books |
